[Event "78th GEO-ch 2019"]
[Site "Tbilisi"]
[Date "2019.02.17"]
[Round "4.5"]
[White "Paichadze, Luka"]
[Black "Arutinian, David"]
[Result "0-1"]
[WhiteElo "2580"]
[BlackElo "2552"]
[Annotator "TA"]
[PlyCount "140"]
[EventDate "2019.02.06"]
[EventType "k.o."]
[EventCountry "GEO"]
[SourceTitle "playchess.com"]
[Source "ChessBase"]
[SourceQuality "1"]

{[%evp 11,140,12,0,10,5,0,0,0,-8,-45,0,0,0,0,0,-29,-29,-17,53,53,62,-13,-18,-25,-19,-222,-216,-208,-214,-198,-187,-207,-92,-143,-75,-69,-103,-94,-66,-92,0,0,0,0,0,0,0,-112,-94,-281,-252,-492,-487,-645,-321,-295,-295,-380,-392,-491,-300,-632,-214,-207,-227,-485,-215,-209,-199,-200,-126,-208,-208,-200,-154,-179,-126,-201,-178,-164,-126,-126,-63,-88,-48,-241,-231,-243,-214,-443,-308,-469,-452,-599,-570,-29967,-29968,-29974,-29975,-29976,-29977,-29977,-29978,-29980,-29975,-29981,-29976,-29976,-29977,-29978,-29979,-29979,-29980,-29981,-29980,-29981,-29982,-29982,-29983,-29983,-29984,-29984,-29985,-29985,-29985,-29985,-29985,-29985,-29986,-29985,-685]} 1. e4 c6 2. d4 d5 3. e5 Bf5 4. h4 h5 5. c4 e6 6. Nc3 Ne7 7. Nge2 {B12: Caro-Kann: Advance Variation} Nd7 (7... Bg4 8. Bg5 Qb6 9. c5 Qc7 10. f3 Bf5 11. Ng3 f6 12. Bf4 Nd7 13. exf6 Qxf4 14. Nce2 Qh6 15. fxe7 Bxe7 16. Nxf5 exf5 {½-½ (27) Sutovsky,E (2647)-Artemiev,V (2704) Poikovsky 2018}) 8. Ng3 Bg6 9. Bg5 {The position is equal.} Qb6 10. Qd2 f6 11. exf6 gxf6 12. Be3 O-O-O 13. Rc1 Kb8 {[#]} 14. a3 $146 ({Predecessor:} 14. Be2 Ka8 15. O-O Nf5 16. Nxf5 Bxf5 17. cxd5 exd5 18. Bf4 Bb4 {½-½ (18) Nedev,T (2505)-Paichadze,L (2520) Plovdiv 2013}) 14... Nf5 (14... Qc7 $11) 15. Nxf5 $1 $14 Bxf5 16. b4 ({White should try} 16. cxd5 $14 exd5 17. Bf4+ Ka8 18. Be2) 16... dxc4 $1 $11 17. Bxc4 Qc7 18. Nb5 $2 (18. Qa2 $11 {and White stays safe.}) 18... cxb5 $19 19. Bxe6 {[#]} Qxc1+ $1 {[%mdl 512]} 20. Qxc1 Bxe6 21. O-O Bc4 (21... Nb6 $1 $19 {and Black stays clearly on top.} 22. Re1 Bd7 23. Bf4+ Ka8) 22. Re1 (22. Bf4+ $142 Ka8 23. Re1) 22... Nb6 (22... a6 $142 23. Bf4+ Ka8) 23. Bf4+ $17 Ka8 24. Bc7 Bh6 25. Qd1 Rdg8 ({Black should play} 25... Rd5 $17 26. Bxb6 axb6) 26. Bxb6 $1 $11 {Threatens to win with Bc5.} axb6 27. Qf3 $1 Rd8 28. Qxf6 Ka7 29. Re5 (29. Re7 $11 {was the only way to keep the balance.}) 29... Bd2 $36 {[%mdl 2048] Keeping White busy.} 30. Rxh5 $2 (30. Re7 $17) 30... Rhf8 $19 31. Qg7 $2 (31. Qg6 Rxd4 32. Rf5 Rxf5 33. Qxf5) 31... Be1 32. f3 Bc3 (32... Rg8 $142 33. Qh7 Bg3) 33. Kh2 Bxd4 34. Qg4 Bf2 35. Rh7 Rg8 36. Rg7 $2 (36. Qf4 Rd4 37. Qc7) 36... Rxg7 $2 (36... Rh8 37. g3 Rd2) 37. Qxg7 Bxh4 38. g3 $2 {[#]} (38. Qa1) 38... Rd2+ (38... Bxg3+ $142 $1 {[%mdl 512]} 39. Qxg3 Rh8+ 40. Kg2 Rg8) 39. Kh3 Bd8 40. Qe5 Rd7 41. Qf5 (41. f4 $17) 41... Re7 {White must now prevent ...Be6.} 42. Qf8 Rh7+ 43. Kg2 Bc7 (43... Be7 $19 44. Qf5 Rh6) 44. Qf5 (44. f4 $17 {is a better defense.}) 44... Re7 45. f4 Re2+ 46. Kf3 Ra2 (46... Rd2 $17 47. Qf6 Rd3+ 48. Kf2 Ba2) 47. Qd7 $15 Rxa3+ 48. Kf2 $2 {[#]} (48. Kg4 $1 $15 Rc3 49. Kh4) 48... Bb8 $1 $19 49. Qd4 {White hopes to continue with g4.} Ra4 50. f5 $2 (50. g4 {was the only chance.}) 50... Rxb4 51. f6 (51. g4 $142 Ra4 52. g5) 51... Ra4 52. Qd7 Ra2+ 53. Kg1 Bxg3 {Black mates.} 54. f7 Bf2+ 55. Kh1 Bc5 56. Qf5 Bf8 57. Qc8 Bd5+ 58. Kg1 Rg2+ 59. Kf1 Rg7 60. Qc3 Rxf7+ 61. Ke1 Rf3 62. Qd4 Bc6 63. Ke2 Bc5 64. Qa1+ Ra3 65. Qb2 b4 66. Kd2 b3 67. Kc3 Ra2 68. Qb1 Bd5 69. Qd1 Rc2+ 70. Kd3 Bc4+ {Accuracy: White = 26%, Black = 56%.} (70... Kb8 $142 71. Qh5 Bc4+ 72. Ke4 b2 73. Qh1 Ba2 74. Ke5 b1=Q 75. Qf3 Qe1+ 76. Kf5 Qe6+ 77. Kg5 Bd6 78. Qh1 Qg8+ 79. Kf5 Rf2+ 80. Ke4 Qd5+ 81. Ke3 Bc5#) 0-1

[Event "78th GEO-ch 2019"]
[Site "Tbilisi"]
[Date "2019.02.17"]
[Round "4.6"]
[White "Arutinian, David"]
[Black "Paichadze, Luka"]
[Result "1-0"]
[WhiteElo "2552"]
[BlackElo "2580"]
[Annotator "TA"]
[PlyCount "69"]
[EventDate "2019.02.06"]
[EventType "k.o."]
[EventCountry "GEO"]
[SourceTitle "playchess.com"]
[Source "ChessBase"]
[SourceQuality "1"]

{[%evp 19,69,18,28,25,27,23,98,100,89,97,290,170,187,37,47,48,50,54,90,120,162,187,156,178,233,188,385,361,356,371,367,365,350,322,1018,431,426,273,589,122,237,238,239,210,695,470,455,462,496,438,612,531]} 1. Nf3 Nf6 2. c4 e6 3. e3 b6 4. b3 Bb7 5. Bb2 Be7 6. Nc3 O-O 7. d4 d5 8. cxd5 exd5 9. Bd3 Nbd7 10. O-O Ne4 11. Qc2 {[%cal Rc3e4] E14: Queen's Indian: Classical Variation (4 e3)} f5 (11... Ndf6 12. Ne5 Bd6 13. Nb5 Qe7 14. Nxd6 cxd6 15. Nf3 Ng4 16. Qe2 Rac8 17. h3 Nh6 18. Rac1 Nf5 19. Rxc8 Rxc8 {0-1 (83) Goganov,A (2612)-Sargissian,G (2689) St Petersburg 2018}) 12. Ne2 g5 $146 (12... Bd6 $11 {remains equal.}) ({Predecessor:} 12... Bd6 13. Ne5 Bxe5 14. dxe5 Ndc5 15. Nf4 Nxd3 16. Qxd3 Qe8 17. e6 Rd8 18. Qd4 {1-0 (28) Ivanisevic,I (2567)-Beukema,J (2299) Dieren 2018}) 13. Ne5 {White is better.} c5 14. f3 Nd6 $2 (14... Rc8 $16) 15. Ng3 (15. dxc5 $142 Nxc5 16. Ng4 $1 {[%mdl 512]}) 15... Rc8 $18 {...cxd4 is the strong threat.} 16. Qb1 (16. Bxf5 Nxf5 17. Nxf5 cxd4 $11) (16. Nxf5 $18 cxd4 17. Nxe7+ {[%mdl 64] Discovered Attack} Qxe7 18. Bxh7+ $1 {[%mdl 512]} Qxh7 19. Qxh7+ Kxh7 20. Nxd7) 16... c4 $1 $14 {[%cal Rc4d3]} 17. Bc2 $36 {[%cal Rg3f5][%mdl 2048] White is more active.} (17. Bxf5 Nxf5 18. Nxf5 Nxe5 $15) 17... c3 18. Ba3 Nxe5 19. dxe5 Nb5 20. Bxe7 Qxe7 21. Bxf5 Qxe5 (21... Rc5 {was called for.}) 22. Qd3 (22. Bxh7+ Kh8 $11) 22... c2 $2 (22... Rc5 {was necessary.}) 23. Bxc8 $18 Rxc8 24. Rac1 Na3 25. f4 gxf4 26. Rxf4 Rc3 $2 (26... Ba6 27. Rg4+ Kh8) 27. Rg4+ (27. Qf1 $142 {White threatens Rf8+ and mate.} Rc8 28. Qf2) 27... Kh8 28. Qd4 {[%cal Rd4e5]} Rxe3 $2 (28... Qxd4 29. Rxd4 (29. exd4 Rd3 $11) 29... Rxe3) 29. Qxe5+ (29. Qd2 $142 {White wants to mate with Qf2.} Qc3 {[#]} 30. Rf1 $1 {[%mdl 512]}) 29... Rxe5 30. Ra4 {[%mdl 64] Double Attack} d4 31. Rxd4 ({Don't blunder} 31. Rxa3 $2 d3 $19) 31... Re7 $2 (31... Bc6 32. Kf2 Kg7) 32. Ra4 {White is clearly winning.} Rd7 33. Kf2 Rd2+ 34. Ke3 Nb1 35. Rc4 {Accuracy: White = 58%, Black = 24%.} 1-0